[Event "German Bundesliga 2021-22"]
[Site "Germany"]
[Date "2022.03.05"]
[Round "1.12"]
[White "Buckels, Valentin"]
[Black "Kollars, Dmitrij"]
[Result "0-1"]
[WhiteElo "2450"]
[BlackElo "2635"]
[Annotator "TA"]
[PlyCount "122"]
[EventDate "2022.03.05"]
[EventType "team-tourn"]
[EventCountry "GER"]
[SourceTitle "playchess.com"]
[Source "ChessBase"]
[SourceQuality "1"]

{[%evp 9,122,0,21,0,0,0,0,8,14,6,0,8,8,5,5,14,3,14,8,10,10,14,28,20,23,30,26,18,50,41,87,65,96,57,72,81,79,77,71,33,89,97,147,150,135,81,81,77,78,75,73,82,77,71,85,79,100,37,47,41,81,26,51,6,15,16,16,-29,-6,-6,-6,-51,22,0,0,0,0,0,0,0,0,0,0,0,0,0,0,-77,-73,-76,-66,-124,-71,-124,0,0,0,-204,-161,-512,-221,-196,-197,-387,-387,-330,-305,-252,-236,-29947,-12701,-29969,-29970,-29980,-10504]} 1. c4 e5 2. g3 c6 3. Nf3 e4 4. Nd4 d5 5. cxd5 Qxd5 6. Nc2 {A20: English Opening: 1...e5.} Nf6 7. Nc3 Qe5 $1 {7...Qe5 is better than 7...Qh5.} 8. Bg2 {The position is equal.} Na6 9. O-O Be7 10. d4 exd3 $1 11. Qxd3 O-O 12. Rd1 Qh5 13. Qe3 Re8 14. Qg5 Qxg5 15. Bxg5 {[#]} h6 $146 ({Predecessor:} 15... Nc7 16. Bf4 Ne6 17. Bd6 Kf8 18. e4 Rd8 19. Bxe7+ Kxe7 20. e5 Ne8 21. Ne3 a5 22. Rxd8 Nxd8 {½-½ (34) So,W (2772)-Shankland,S (2709) Saint Louis 2021}) 16. Bf4 g5 17. Bd6 Bf5 18. Nd4 Bd7 19. Nb3 Rac8 (19... Bd8 $14) 20. Na5 $16 b6 21. Nc4 Nc5 22. Bxe7 Rxe7 23. Nd6 Rc7 24. b4 {[%cal Bb2b4,Bb4b5][%mdl 32]} Na6 (24... Nb7 $14) 25. a3 c5 (25... Kg7 $142) 26. b5 Nb8 27. Nde4 (27. e4 $142) 27... Nxe4 28. Bxe4 {Threatens to win with Nd5.} Kg7 {[#]} 29. Nd5 $1 {[%csl LRc7,LRe7]} Bxb5 30. Nxe7 Rxe7 31. Bf3 Nd7 (31... Bxe2 $2 32. Re1 $18) 32. a4 $1 Bc4 33. e3 (33. Bc6 $16 Nf6 34. Bb5 (34. e3 Bb3 $14)) 33... Ne5 $14 34. Bg2 Be2 35. Rd8 ({White should play} 35. Rd2 $16 Nf3+ 36. Bxf3 Bxf3 37. Kf1) 35... g4 $11 36. h3 (36. Rc1 $14) 36... h5 $1 37. Rc1 Nf3+ 38. Kh1 (38. Bxf3 $142 Bxf3 39. a5) 38... Re4 39. a5 $132 {[%mdl 2048] White puts up resistance} Rb4 40. Rd5 (40. Rc8 $11) 40... Kg6 (40... c4 $1 $15 41. Rd7 (41. Rxh5 $2 c3 $19) 41... gxh3 42. Bxh3 Ne5 43. Rxa7 Nd3) 41. hxg4 hxg4 42. Bf1 Bxf1 43. Rxf1 {[%mdl 4096] Endgame KRR-KRN} Rb2 44. Kg2 Nd2 45. Rd1 Ne4 46. Re5 Nxf2 ({Don't play} 46... Rxf2+ 47. Kg1 Rd2 48. Rxd2 Nxd2 49. Rd5 $16) 47. Rd6+ f6 48. Kf1 (48. Kg1 $1 $11) 48... Nh1 $17 {Black is more active.} ({Reject} 48... bxa5 49. Ree6 Kg5 50. Rd5+ Kg6 51. Rxc5 $11) 49. Ree6 {[%csl LRb6,LRf6]} Nxg3+ 50. Kg1 (50. Ke1 $1 $15) 50... Ne2+ $1 ({Much weaker is} 50... bxa5 $6 51. Rxf6+ Kg5 52. Rg6+ Kf5 53. Rdf6+ Ke5 54. Re6+ Kf5 55. Ref6+ Ke5 56. Re6+ Kf5 57. Ref6+ $11) 51. Kf1 {[%cal Ra5b6]} bxa5 (51... b5 $1 $17 {...c4 is the strong threat.} 52. Rxf6+ Kg5 53. Rg6+ Kh4) 52. Rxf6+ $11 Kg5 53. Rg6+ $2 (53. Rc6 $11 {and White is okay.}) 53... Kh4 $1 $19 54. Rd5 $2 (54. Ke1 {is a better chance.}) 54... Ng3+ (54... c4 $142 55. Rxa5 c3) 55. Ke1 Ne4 {White must now prevent ...Kg3.} 56. Re5 $2 (56. Re6 Rb1+ 57. Rd1) 56... Nf2 $1 {Strongly threatening ...Nd3+.} 57. Kf1 c4 58. Rxa5 {[#]} Kg3 $1 59. Rxa7 $2 {[#]} (59. Rf5 $19) 59... Nd3 $1 60. Rag7 Ne5 61. Rf6 Nf3 {Quite a comeback for Black.  Weighted Error Value: White=0.45/Black=0.13 (very precise)} (61... c3 $142 62. Rc7 c2 63. Rc8 Nf3 64. Rxf3+ Kxf3 65. Rf8+ Kxe3 66. Re8+ Kf4 67. Rf8+ Ke5 68. Re8+ Kd6 69. Rc8 Rb1+ 70. Ke2 c1=Q 71. Rxc1 Rxc1 72. Kf2 Ke5 73. Ke3 g3 74. Kf3 Rc3+ 75. Ke2 Ke4 76. Kd2 Re3 77. Kc1 g2 78. Kd2 g1=Q 79. Kc2 Qf2+ 80. Kd1 Re1#) 0-1

[Event "German Bundesliga 2021-22"]
[Site "Germany"]
[Date "2022.03.05"]
[Round "1.13"]
[White "Kozul, Zdenko"]
[Black "Lenaerts, Lennert"]
[Result "1/2-1/2"]
[WhiteElo "2619"]
[BlackElo "2352"]
[Annotator "TA"]
[PlyCount "96"]
[EventDate "2022.03.05"]
[EventType "team-tourn"]
[EventCountry "GER"]
[SourceTitle "playchess.com"]
[Source "ChessBase"]
[SourceQuality "1"]

{[%evp 13,96,18,24,22,30,29,27,27,27,35,24,24,11,20,21,13,12,11,25,8,8,20,12,12,42,40,45,25,110,103,113,109,131,107,108,107,103,88,69,75,104,30,150,166,293,307,272,313,318,316,296,240,361,360,360,360,325,302,342,245,322,322,315,0,0,0,0,0,0,0,0,0,0,0,0,0,0,0,0,0,0,0,0,0,0]} 1. d4 d5 2. c4 c6 3. Nf3 Nf6 4. e3 Bg4 5. h3 Bh5 6. Nc3 e6 7. g4 Bg6 8. Ne5 {D11: Slav Defence: 3 Nf3 sidelines and 3...Nf6 4 e3 Bg4.} Nbd7 9. Nxg6 hxg6 10. g5 {White has an edge.} Ne4 11. Nxe4 dxe4 12. h4 Qa5+ 13. Bd2 Bb4 14. a3 Bxd2+ 15. Qxd2 Qxd2+ 16. Kxd2 f5 17. c5 Ke7 18. b4 {[%cal Bb2b4,Bb4b5,Bb5c6,Bc6d7][%mdl 32]} a6 {[#]} 19. a4 $146 ({Predecessor:} 19. Be2 e5 20. Kc3 exd4+ 21. exd4 Nf8 22. Bc4 Ne6 23. d5 cxd5 24. Bxd5 Rab8 25. Rad1 {½-½ (60) Warmerdam,M (2450)-Pijpers,A (2490) Amsterdam 2019}) 19... b6 20. Be2 a5 (20... e5 $11) 21. b5 $16 bxc5 22. bxc6 cxd4 {[#] Strongly threatening ...Ne5.} 23. cxd7 d3 24. Bd1 {Threatens to win with Rb1.} Rab8 {To avoid Rb1} 25. h5 gxh5 26. Rxh5 (26. Bxh5 Kxd7 27. g6 Kd6 $17) 26... Rb2+ 27. Ke1 (27. Kc3 $16 Rxh5 28. Bxh5 (28. Kxb2 Rh2 $11) 28... Rc2+ 29. Kd4) 27... Rhb8 (27... Rf8 $11 {remains equal.}) 28. Rh7 Rg8 {[#]} (28... Kxd7 $142 29. Rxg7+ Kd6) 29. Ra3 $1 $18 Kxd7 30. Rb3 Rxb3 31. Bxb3 {[%mdl 4096] Endgame KRB-KR} Kd6 32. Bd1 e5 (32... Kd5 {was called for.} 33. Kd2 Kc5) 33. Kd2 Rb8 34. Rxg7 Rb2+ 35. Kc3 Rxf2 36. g6 f4 37. exf4 ({Worse is} 37. Ra7 fxe3 38. Ra6+ Ke7 $11) 37... exf4 38. Rf7 $2 (38. Rg8 $18 Ke7 39. g7 (39. Kd4 e3 $11)) 38... e3 $1 $11 {And now ...e2 would win. The position is equal.} 39. Kxd3 Rd2+ 40. Kc4 {aiming for g7.} ({Reject} 40. Ke4 Rxd1 41. Kf3 Rf1+ 42. Ke2 Rf2+ 43. Ke1 Ke5 $15) 40... Rxd1 {KR-KR} 41. g7 Rg1 42. Rxf4 Rxg7 43. Kd3 Re7 {( -> ...e2)} 44. Ke2 Kc5 45. Rh4 Re5 46. Rg4 Kd5 47. Rh4 Re4 48. Rh5+ Re5 {Blacks defense is rewarded with a draw.  Weighted Error Value: White=0.13 (very precise) /Black=0.23 (precise)} 1/2-1/2

[Event "German Bundesliga 2021-22"]
[Site "Germany"]
[Date "2022.03.05"]
[Round "1.13"]
[White "Neef, Maximilian"]
[Black "Andersen, Mads"]
[Result "0-1"]
[WhiteElo "2504"]
[BlackElo "2570"]
[Annotator "ChessBase"]
[PlyCount "144"]
[EventDate "2022.03.05"]
[EventType "team-tourn"]
[EventCountry "GER"]
[SourceTitle "playchess.com"]
[Source "ChessBase"]
[SourceQuality "1"]
[TimeControl "40/5400+30:1800+30"]

1. Nf3 {[%emt 0:00:00]} Nf6 {[%emt 0:00:00]} 2. g3 {[%emt 0:00:00]} g6 {[%emt 0:00:00]} 3. b3 {[%emt 0:00:00]} Bg7 {[%emt 0:00:00]} 4. Bb2 {[%emt 0:00:00]} O-O {[%emt 0:00:00]} 5. Bg2 {[%emt 0:00:00]} d5 {[%emt 0:00:00]} 6. c4 {[%emt 0:00:00]} c6 {[%emt 0:00:00]} 7. O-O {[%emt 0:00:00]} b6 {[%emt 0:00:00]} 8. d4 {[%emt 0:00:00]} Bb7 {[%emt 0:00:00]} 9. Nc3 {[%emt 0:05:12]} e6 {[%emt 0:00:13]} 10. Qc2 {[%emt 0:08:18]} Nbd7 {[%emt 0:04:42]} 11. Rfd1 {[%emt 0:05:11]} Qc7 {[%emt 0:16:08]} 12. e4 {[%emt 0:07:14]} Nxe4 {[%emt 0:07:12]} 13. Nxe4 {[%emt 0:00:51]} dxe4 {[%emt 0:00:02]} 14. Qxe4 {[%emt 0:00:11]} c5 {[%emt 0:20:27]} 15. Qe2 {[%emt 0:02:03]} cxd4 {[%emt 0:00:24]} 16. Bxd4 {[%emt 0:18:35]} e5 {[%emt 0:06:03]} 17. Bc3 {[%emt 0:07:30]} Rfe8 {[%emt 0:01:58]} 18. Qb2 {[%emt 0:07:33]} Nc5 {[%emt 0:02:03]} 19. Rac1 {[%emt 0:09:51]} Ne4 {[%emt 0:08:47]} 20. Be1 {[%emt 0:01:27]} a5 {[%emt 0:00:15]} 21. Qc2 {[%emt 0:05:12]} Nc5 {[%emt 0:10:59]} 22. Bc3 {[%emt 0:02:33]} Rad8 {[%emt 0:06:27]} 23. Ne1 {[%emt 0:06:13]} h5 {[%emt 0:06:08]} 24. Rxd8 {[%emt 0:02:54]} Rxd8 {[%emt 0:00:34]} 25. Rd1 {[%emt 0:00:56]} e4 {[%emt 0:04:18]} 26. Bxg7 {[%emt 0:05:34]} Kxg7 {[%emt 0:00:10]} 27. Bf1 {[%emt 0:01:46]} Rxd1 {[%emt 0:03:32]} 28. Qxd1 {[%emt 0:00:02]} Qe5 {[%emt 0:00:13]} 29. Nc2 {[%emt 0:01:44]} Qc3 {[%emt 0:01:17]} 30. Ne3 {[%emt 0:03:50]} Nd3 {[%emt 0:00:21]} 31. h4 {[%emt 0:00:31]} Bc6 {[%emt 0:01:07]} 32. Qb1 {[%emt 0:00:36]} Qd2 {[%emt 0:00:58]} 33. Qc2 {[%emt 0:00:28]} Qe1 {[%emt 0:00:56]} 34. Nd5 {[%emt 0:00:40]} Qa1 {[%emt 0:01:38]} 35. Qc3+ {[%emt 0:00:31]} Qxc3 {[%emt 0:00:02]} 36. Nxc3 {[%emt 0:00:01]} Nc5 {[%emt 0:00:27]} 37. Be2 {[%emt 0:00:51]} Kf6 {[%emt 0:00:23]} 38. Kf1 {[%emt 0:00:30]} Ke5 {[%emt 0:00:25]} 39. Ke1 {[%emt 0:00:08]} f5 {[%emt 0:00:56]} 40. Kd2 {[%emt 0:00:59]} f4 {[%emt 0:00:44]} 41. gxf4+ {[%emt 0:00:00]} Kxf4 {[%emt 0:00:00]} 42. Bd1 {[%emt 0:00:00]} g5 {[%emt 0:08:15]} 43. Ne2+ {[%emt 0:03:57]} Kf3 {[%emt 0:03:15]} 44. Nd4+ {[%emt 0:01:46]} Kxf2 {[%emt 0:00:10]} 45. Bxh5 {[%emt 0:00:23]} gxh4 {[%emt 0:11:58]} 46. Nxc6 {[%emt 0:00:22]} Nd3 {[%emt 0:01:48]} 47. Bg4 {[%emt 0:12:45]} h3 {[%emt 0:01:03]} 48. Bxh3 {[%emt 0:00:11]} e3+ {[%emt 0:00:09]} 49. Kxd3 {[%emt 0:00:11]} e2 {[%emt 0:00:05]} 50. c5 {[%emt 0:06:22]} bxc5 {[%emt 0:02:04]} 51. Kc4 {[%emt 0:02:18]} e1=Q {[%emt 0:00:18]} 52. Bf5 {[%emt 0:00:31]} Qe2+ {[%emt 0:02:31]} 53. Kxc5 {[%emt 0:00:47]} Qxa2 {[%emt 0:00:13]} 54. Be6 {[%emt 0:01:03]} a4 {[%emt 0:01:20]} 55. Kb5 {[%emt 0:06:19]} a3 {[%emt 0:01:58]} 56. Bc4 {[%emt 0:00:50]} Qb1 {[%emt 0:01:01]} 57. b4 {[%emt 0:00:15]} Ke3 {[%emt 0:00:27]} 58. Kb6 {[%emt 0:00:10]} a2 {[%emt 0:01:20]} 59. Bxa2 {[%emt 0:00:06]} Qxa2 {[%emt 0:00:03]} 60. b5 {[%emt 0:00:08]} Qc4 {[%emt 0:00:34]} 61. Na5 {[%emt 0:01:49]} Qd5 {[%emt 0:00:43]} 62. Nc6 {[%emt 0:00:35]} Ke4 {[%emt 0:00:20]} 63. Ka6 {[%emt 0:00:14]} Qc5 {[%emt 0:00:32]} 64. Na7 {[%emt 0:00:16]} Qa3+ {[%emt 0:00:39]} 65. Kb7 {[%emt 0:00:06]} Qe7+ {[%emt 0:00:26]} 66. Kb8 {[%emt 0:01:01]} Qd6+ {[%emt 0:00:20]} 67. Kb7 {[%emt 0:00:16]} Qd7+ {[%emt 0:00:39]} 68. Kb8 {[%emt 0:00:21]} Kd5 {[%emt 0:00:24]} 69. b6 {[%emt 0:00:08]} Qd8+ {[%emt 0:00:31]} 70. Kb7 {[%emt 0:01:02]} Kc5 {[%emt 0:00:37]} 71. Nc8 {[%emt 0:00:11]} Qd7+ {[%emt 0:00:16]} 72. Kb8 {[%emt 0:00:06]} Kc6 {[%emt 0:00:11]} 0-1

[Event "German Bundesliga 2021-22"]
[Site "Germany"]
[Date "2022.03.05"]
[Round "1.13"]
[White "Levin, Felix"]
[Black "Ernst, Sipke"]
[Result "0-1"]
[WhiteElo "2456"]
[BlackElo "2532"]
[Annotator "ChessBase"]
[PlyCount "82"]
[EventDate "2022.03.05"]
[EventType "team-tourn"]
[EventCountry "GER"]
[SourceTitle "playchess.com"]
[Source "ChessBase"]
[SourceQuality "1"]
[TimeControl "40/5400+30:1800+30"]

1. d4 {[%emt 0:00:00]} d5 {[%emt 0:00:00]} 2. Nf3 {[%emt 0:00:00]} Nf6 {[%emt 0:00:00]} 3. c4 {[%emt 0:00:00]} c6 {[%emt 0:00:00]} 4. e3 {[%emt 0:00:00]} Bf5 {[%emt 0:00:00]} 5. Nc3 {[%emt 0:00:00]} e6 {[%emt 0:00:00]} 6. Nh4 {[%emt 0:00:05]} Be4 {[%emt 0:00:00]} 7. f3 {[%emt 0:00:41]} Bg6 {[%emt 0:00:00]} 8. Bd2 {[%emt 0:07:19]} Be7 {[%emt 0:00:00]} 9. Nxg6 {[%emt 0:00:14]} hxg6 {[%emt 0:00:00]} 10. Qb3 {[%emt 0:01:57]} dxc4 {[%emt 0:01:07]} 11. Bxc4 {[%emt 0:15:27]} b5 {[%emt 0:05:32]} 12. Be2 {[%emt 0:00:07]} Nbd7 {[%emt 0:05:29]} 13. O-O-O {[%emt 0:16:06]} a6 {[%emt 0:06:29]} 14. e4 {[%emt 0:05:08]} c5 {[%emt 0:07:18]} 15. e5 {[%emt 0:04:16]} cxd4 {[%emt 0:08:43]} 16. exf6 {[%emt 0:01:55]} dxc3 {[%emt 0:06:55]} 17. Bxc3 {[%emt 0:02:43]} Bxf6 {[%emt 0:07:34]} 18. Kb1 {[%emt 0:02:48]} O-O {[%emt 0:13:30]} 19. Bb4 {[%emt 0:09:17]} Re8 {[%emt 0:04:06]} 20. h4 {[%emt 0:00:45]} Qc7 {[%emt 0:09:16]} 21. g4 {[%emt 0:07:05]} Rac8 {[%emt 0:05:50]} 22. Bd6 {[%emt 0:08:34]} Qb6 {[%emt 0:01:50]} 23. g5 {[%emt 0:02:17]} Bd4 {[%emt 0:03:21]} 24. Bg3 {[%emt 0:05:18]} Nc5 {[%emt 0:01:47]} 25. Qb4 {[%emt 0:00:46]} e5 {[%emt 0:00:26]} 26. Bf1 {[%emt 0:03:57]} Na4 {[%emt 0:02:55]} 27. Rd2 {[%emt 0:03:06]} Be3 {[%emt 0:02:04]} 28. Rd1 {[%emt 0:00:11]} Qc6 {[%emt 0:02:00]} 29. Bd3 {[%emt 0:01:19]} Qxf3 {[%emt 0:00:39]} 30. h5 {[%emt 0:00:52]} gxh5 {[%emt 0:04:03]} 31. g6 {[%emt 0:00:14]} Qxg3 {[%emt 0:03:26]} 32. gxf7+ {[%emt 0:00:39]} Kxf7 {[%emt 0:00:03]} 33. Qb3+ {[%emt 0:00:35]} Kf8 {[%emt 0:00:23]} 34. Bxb5 {[%emt 0:00:33]} Qg6+ {[%emt 0:01:15]} 35. Bd3 {[%emt 0:00:05]} Qc6 {[%emt 0:01:14]} 36. Bf5 {[%emt 0:02:59]} Nc3+ {[%emt 0:00:09]} 37. Qxc3 {[%emt 0:00:44]} Qxc3 {[%emt 0:00:02]} 38. bxc3 {[%emt 0:00:04]} Rc5 {[%emt 0:00:04]} 39. c4 Rxc4 {[%emt 0:00:31]} 40. Rxh5 {[%emt 0:01:07]} Rc3 {[%emt 0:00:05]} 41. Ka1 {[%emt 0:30:22]} Rb8 {[%emt 0:30:04]} 0-1

[Event "German Bundesliga 2021-22"]
[Site "Germany"]
[Date "2022.03.16"]
[Round "1.13"]
[White "Fruebing, Stefan"]
[Black "Berchtenbreiter, Maximilian"]
[Result "0-1"]
[WhiteElo "2374"]
[BlackElo "2506"]
[Annotator "TA"]
[PlyCount "106"]
[EventDate "2022.03.05"]
[EventType "team-tourn"]
[EventCountry "GER"]

{[%evp 16,105,17,17,28,7,6,0,0,0,0,0,0,0,0,0,0,0,-8,-20,0,0,0,0,0,0,0,0,0,-4,0,0,0,0,0,0,0,0,0,0,0,0,0,0,0,0,0,0,-1,-203,-203,-150,-145,-158,-102,-81,-67,-70,-37,-37,0,-18,0,0,0,0,0,0,0,0,0,0,0,0,0,0,0,-12,0,-5485,-1796,-1395,-799,-12843,-12843,-12844,-12844,-29997,-29998,-29998,-29999,-29999]} 1. e4 c6 2. d4 d5 3. Nd2 dxe4 4. Nxe4 Nf6 5. Nxf6+ exf6 6. Bc4 Bd6 7. Qe2+ Be7 8. Nf3 O-O 9. O-O Nd7 {[%cal Bb8d7,Bd7f8,Bf8e6,Be6f4][%mdl 32] B15: Caro-Kann: 3 Nc3: 3...g6 and 3...dxe4 4 Nxe4 Nf6 5 Nxf6+ exf6.} 10. Re1 Re8 {[#]} 11. b3 $146 {[%cal Oc1a3] Ba3! is the strong threat.} (11. Bxf7+ $2 Kxf7 12. Qc4+ Kf8 $19) ({Predecessor:} 11. h3 Nf8 12. Be3 Ng6 13. Rad1 Bd6 14. Qd3 Qc7 15. Bb3 Bd7 16. c4 Rad8 17. c5 Bf4 18. Bc4 Bxe3 19. Rxe3 Nf4 20. Rxe8+ Rxe8 21. Qd2 Be6 22. Re1 {½-½ (22) Csonka,B (2498)-Krstulovic,A (2338) Ajka 2020}) 11... Nf8 {The position is equal.} 12. Ba3 {[%cal Ra3e7]} Be6 13. Bxe7 (13. Bxe6 $2 Bxa3 14. Bxf7+ Kxf7 $19) 13... Rxe7 14. c3 Qa5 15. Qb2 Rae8 16. Bxe6 Nxe6 17. Qd2 g5 18. Re3 Nf4 19. Rae1 Re6 20. Rxe6 Rxe6 21. Rxe6 fxe6 22. Kf1 $1 Qf5 {[%cal Of4g2]} 23. Ne1 b5 24. g3 Nd5 25. Nd3 Qf3 26. Kg1 {To avoid Qh1+} h5 $40 {[%cal Bh7h5,Bh5h4,Bh4h3][%mdl 160] White needs to defend precisely.} 27. c4 bxc4 28. bxc4 Nb6 29. Nc5 h4 30. Qe1 e5 31. Qb1 f5 32. Qc1 $2 {[#]} (32. dxe5 h3 33. Qf1 g4 $15) (32. Qb3 $11 {and White is okay.} Qe2 33. gxh4) 32... h3 $1 $19 {[%csl Gh3][%cal Rf3g2]} 33. Qf1 {Inhibits Qg2+.} (33. Qxg5+ {gets mated.} Kf7) 33... g4 ({Inferior is} 33... exd4 34. Qxh3 Nxc4 35. Nb3 $15 (35. Qh6 Qd1+ 36. Kg2 Ne3+ 37. fxe3 Qe2+ 38. Kg1 Qxe3+ 39. Kg2 Qd2+ 40. Kf1 Qc1+ 41. Ke2 Qc2+ 42. Ke1 Qc1+ 43. Ke2 Qc2+ 44. Ke1 Qxc5 $17)) 34. dxe5 Qc3 ({Better is} 34... Kf7 {Threatens to win with ...Ke8.} 35. Nb3 Qc3) 35. Qd1 $17 {Strongly threatening Qd8+.} Qxe5 36. Nd3 ({Not} 36. Qd8+ $2 Kf7 37. Qd3 Qxc5 $19) 36... Qe4 {[%csl Gh3][%cal Re4g2] Black is more active.} 37. Nf4 {To avoid Qg2+} Kf7 38. f3 $1 Qe3+ 39. Kf1 gxf3 (39... Nxc4 $5 40. Qd7+ Kg8 41. Qd8+ Kh7 42. Qd7+ Kg8 43. Qd8+ Kh7 44. Qd7+ Kg8 $11) 40. Nxh3 Qh6 (40... Nxc4 $5 41. Qd7+ Kg8 42. Qc8+ Kg7 43. Qd7+ Kh8 44. Qc8+ Kg7 45. Qd7+ Kh8 46. Qc8+ Kg7 $11) 41. Nf4 Qxh2 {Hoping for ...Qh1+.} 42. Qxf3 Nxc4 {( -> ...Nd2+)} 43. Qd3 Qh1+ (43... Nd2+ $2 44. Ke1 Ke7 45. Qxd2 $18) 44. Kf2 Qe4 45. Qd7+ Kf6 46. Qxa7 Ne5 {aiming for ...Ng4+.} 47. Kg1 $2 {[%mdl 8192] [#]} (47. Kf1 $11) 47... Ng4 $1 $19 48. Nh5+ Kg5 49. Nf4 Qe1+ 50. Kg2 Ne3+ 51. Kh2 Qf2+ {Black mates.} 52. Kh3 Qf1+ 53. Kh2 Ng4# {Weighted Error Value: White=0.40/Black=0.11 (very precise)} 0-1

[Event "German Bundesliga 2021-22"]
[Site "Germany"]
[Date "2022.03.05"]
[Round "1.14"]
[White "Van Wely, Loek"]
[Black "Maiwald, Jens-Uwe"]
[Result "1-0"]
[WhiteElo "2612"]
[BlackElo "2430"]
[Annotator "TA"]
[PlyCount "73"]
[EventDate "2022.03.05"]
[EventType "team-tourn"]
[EventCountry "GER"]
[SourceTitle "playchess.com"]
[Source "ChessBase"]
[SourceQuality "1"]

{[%evp 22,73,84,74,75,71,98,60,56,52,52,47,60,47,61,48,58,27,37,25,40,47,70,69,74,65,67,52,52,50,78,50,66,50,99,70,68,70,87,91,129,99,307,262,221,240,391,377,383,379,395,398,366,378]} 1. d4 d6 2. Nf3 g6 3. c4 Bg7 4. Nc3 Nf6 5. e4 O-O 6. Be2 e5 7. O-O Na6 8. Be3 c6 9. d5 Ng4 10. Bg5 f6 11. Bh4 c5 12. Ne1 Nh6 {E94: King's Indian: Classical: 6 Be2 e5 7 0-0: Various Black 7th moves.} 13. f3 Nf7 14. Nd3 Bh6 {White is slightly better.} 15. a3 Be3+ 16. Kh1 Bd7 17. b4 b6 18. Rb1 Qe7 {[#]} 19. Re1 $146 {[%cal Bf1e1,Be1e2,Be2b2][%mdl 32]} ({Predecessor:} 19. Qe1 Rae8 20. Bd1 Bg5 21. Ba4 Bxa4 22. Nxa4 f5 23. Bxg5 Nxg5 24. Nc3 f4 25. bxc5 Nxc5 26. Nxc5 bxc5 {1-0 (45) Ivanchuk,V (2678)-Maze,S (2557) Europe Echecs INT 2020}) 19... Rfc8 20. Qb3 Kg7 21. Bf1 Bd2 22. Re2 Bg5 23. Bf2 h5 24. Qa2 h4 25. h3 Qd8 26. Reb2 {White is more active.} Nc7 {[%cal Ba6c7,Bc7e8,Be8d6][%mdl 32]} 27. bxc5 dxc5 (27... bxc5 $14 {was preferrable.} 28. Be2 (28. Rb7 Rcb8 $14) 28... Rcb8) 28. Bg1 Ne8 29. a4 {[%cal Ba3a4,Ba4a5][%mdl 32]} Ned6 30. a5 Qh8 31. Na4 {[%cal Ob2b6] Hoping for Rxb6!} Qh6 $2 {[#] A mistake that costs the game.} (31... f5 $16) 32. Naxc5 $1 {[%mdl 512]} bxc5 33. Nxc5 Rxc5 (33... Rd8 {was worth a try.} 34. Ne6+ Bxe6) 34. Bxc5 $18 {White is winning.} Be3 35. Bxd6 Nxd6 36. Qa3 {To avoid Bc5} Nf7 37. Rb8 {Weighted Error Value: White=0.11 (very precise) /Black=0.26 (precise)} 1-0

[Event "German Bundesliga 2021-22"]
[Site "Germany"]
[Date "2022.03.05"]
[Round "1.14"]
[White "Svane, Frederik"]
[Black "Sorensen, Hampus"]
[Result "1-0"]
[WhiteElo "2496"]
[BlackElo "2367"]
[Annotator "ChessBase"]
[PlyCount "53"]
[EventDate "2022.03.05"]
[EventType "team-tourn"]
[EventCountry "GER"]
[SourceTitle "playchess.com"]
[Source "ChessBase"]
[SourceQuality "1"]
[TimeControl "40/5400+30:1800+30"]

1. e4 {[%emt 0:00:00]} e5 {[%emt 0:00:00]} 2. Nf3 {[%emt 0:00:00]} Nc6 {[%emt 0:00:00]} 3. Bb5 {[%emt 0:00:00]} a6 {[%emt 0:00:00]} 4. Ba4 {[%emt 0:00:00]} Nf6 {[%emt 0:00:00]} 5. Nc3 {[%emt 0:00:00]} Bd6 {[%emt 0:06:33]} 6. d3 {[%emt 0:00:00]} Ne7 {[%emt 0:26:07]} 7. Nxe5 {[%emt 0:23:07]} Bxe5 {[%emt 0:04:25]} 8. d4 {[%emt 0:01:12]} Bxd4 {[%emt 0:02:27]} 9. Qxd4 {[%emt 0:00:09]} b5 {[%emt 0:01:41]} 10. e5 {[%emt 0:25:13]} Nc6 {[%emt 0:10:51]} 11. Qc5 {[%emt 0:01:23]} Ng4 {[%emt 0:01:51]} 12. e6 {[%emt 0:16:59]} Qe7 {[%emt 0:10:46]} 13. Qxe7+ {[%emt 0:00:06]} Nxe7 {[%emt 0:01:00]} 14. exf7+ {[%emt 0:00:40]} Kf8 {[%emt 0:05:15]} 15. Bb3 {[%emt 0:06:00]} c5 {[%emt 0:04:30]} 16. Bd5 {[%emt 0:03:17]} Nxd5 {[%emt 0:01:02]} 17. Nxd5 {[%emt 0:00:02]} Bb7 {[%emt 0:02:14]} 18. Nc7 {[%emt 0:12:41]} Rd8 {[%emt 0:05:58]} 19. Bg5 {[%emt 0:01:20]} Nf6 {[%emt 0:03:54]} 20. Ne8 {[%emt 0:00:49]} Bxg2 {[%emt 0:02:02]} 21. Rg1 {[%emt 0:01:22]} Kxf7 {[%emt 0:06:36]} 22. Nd6+ {[%emt 0:00:05]} Ke7 {[%emt 0:01:26]} 23. Nf5+ {[%emt 0:00:21]} Ke6 {[%emt 0:00:01]} 24. Nxg7+ {[%emt 0:00:07]} Kf7 {[%emt 0:00:02]} 25. Bxf6 {[%emt 0:00:07]} Kxf6 {[%emt 0:01:45]} 26. Rxg2 {[%emt 0:00:04]} Rhg8 {[%emt 0:00:08]} 27. Nh5+ {[%emt 0:00:07]} 1-0